[Event "12th Novi Sad it"]
[Site "Novi Sad"]
[Date "1984.10.22"]
[EventDate "1986.10.17"]
[Round "6.3"]
[White "Jovic, Ljubomir"]
[Black "Rajkovic, Dusan"]
[Result "1-0"]
[WhiteElo "2325"]
[BlackElo "2460"]
[PlyCount "77"]
[Source "Perpetual Check"]

1. e4 c5 2. Nc3 Nc6 3. g3 g6 4. Bg2 Bg7 5. f4 d6 6. Nd5 e6 7. Ne3 Nge7 8. d3 d5
9. e5 b6 10. Nf3 Bb7 11. O-O h5 12. Re1 Qd7 13. c3 Ng8 14. d4 cxd4 15. cxd4 Nh6
16. Bd2 O-O 17. Bf1 Na5 18. b3 Rfc8 19. Bd3 Bf8 20. h3 Nc6 21. a3 a5 22. g4
hxg4 23. hxg4 Ba6 24. Bb1 Ne7 25. Kg2 Bg7 26. Rh1 Rc7 27. Rh4 Kf8 28. Qh1 Neg8
29. a4 Rac8 30. g5 Nf5 31. Bxf5 exf5 32. Bc1 Ke7 33. Rh7 Bf8 34. e6 Kxe6 35.
Ne5 Qd8 36. Bd2 Bb7 37. Re1 Bb4 38. Bxb4 axb4 39. Nxf7 1-0

[Event "12th Novi Sad it"]
[Site "Novi Sad"]
[Date "1984.10.22"]
[EventDate "1986.10.17"]
[Round "6.4"]
[White "Popchev, Milko"]
[Black "Izeta Txabarri, Felix"]
[Result "1/2-1/2"]
[WhiteElo "2380"]
[BlackElo "2395"]
[PlyCount "81"]
[Source "Perpetual Check"]

1. d4 Nf6 2. Nf3 c5 3. c3 b6 4. dxc5 bxc5 5. e4 Bb7 6. e5 Nd5 7. Nbd2 e6 8. c4
Nb6 9. b3 d5 10. exd6 Bxd6 11. Bb2 O-O 12. Bd3 Nc6 13. Ne4 Be7 14. Qe2 f6 15.
O-O-O Nd4 16. Nxd4 cxd4 17. Ng3 e5 18. f4 Qc7 19. Kb1 Bc5 20. fxe5 fxe5 21.
Rhf1 Nd7 22. Be4 Bxe4+ 23. Nxe4 Be7 24. Rxf8+ Rxf8 25. Rf1 Rxf1+ 26. Qxf1 Qc6
27. Qf3 Qe6 28. g4 Qh6 29. h3 Qh4 30. Qg3 Qh6 31. Qf3 Qh4 32. Bc1 Qe1 33. c5 h6
34. Qd3 Kh8 35. Qc2 d3 36. Qxd3 Nxc5 37. Nxc5 Bxc5 38. Qf5 Ba3 39. Qc8+ Kh7 40.
Qf5+ Kg8 41. Qe6+ 1/2-1/2

[Event "12th Novi Sad it"]
[Site "Novi Sad"]
[Date "1984.10.22"]
[EventDate "1986.10.17"]
[Round "6.5"]
[White "Rakic, Tomislav"]
[Black "Tringov, Georgi"]
[Result "1/2-1/2"]
[WhiteElo "2385"]
[BlackElo "2450"]
[PlyCount "21"]
[Source "Perpetual Check"]

1. d4 d5 2. c4 e6 3. Nc3 Nf6 4. Nf3 Be7 5. Bg5 h6 6. Bxf6 Bxf6 7. cxd5 exd5 8.
Qd2 c6 9. e3 O-O 10. Bd3 Bg4 11. O-O-O 1/2-1/2

[Event "12th Novi Sad it"]
[Site "Novi Sad"]
[Date "1984.10.22"]
[EventDate "1986.10.17"]
[Round "6.6"]
[White "Bojkovic, Slobodan"]
[Black "Petrovic, Vojislav"]
[Result "0-1"]
[WhiteElo "2360"]
[BlackElo "2330"]
[PlyCount "146"]
[Source "Perpetual Check"]

1. e4 c5 2. Nf3 e6 3. d4 cxd4 4. Nxd4 Nf6 5. Nc3 d6 6. g4 h6 7. h4 a6 8. Rg1 d5
9. exd5 Nxd5 10. Nxd5 Qxd5 11. Bg2 Qc4 12. c3 Nd7 13. Qe2 Qxe2+ 14. Kxe2 Be7
15. g5 hxg5 16. hxg5 Nb6 17. Be4 Nc4 18. Nc2 Rh4 19. Bf3 e5 20. Ne3 Nxe3 21.
Bxe3 e4 22. Bg2 Bg4+ 23. Ke1 Bf5 24. Rh1 Rxh1+ 25. Bxh1 O-O-O 26. Ke2 Rh8 27.
Rg1 Rh4 28. Bd4 g6 29. Ke3 Bxg5+ 30. Rxg5 Rxh1 31. Kf4 Rb1 32. b4 Ra1 33. Ke5
Kd7 34. Rg2 Rxa2 35. Rh2 a5 36. Rh7 Be6 37. bxa5 Rxa5+ 38. Kxe4 Rf5 39. Rh8
Bd5+ 40. Ke3 Rf3+ 41. Ke2 g5 42. Rh6 g4 43. Rf6 Rh3 44. Be5 Be6 45. Bg3 Kc6 46.
Rf4 f5 47. Rd4 Bd5 48. Ke3 Rh1 49. Kf4 Be4 50. Ke5 Rc1 51. Rc4+ Kb5 52. Rc7 Rc2
53. Kf4 Rd2 54. Kg5 Ka4 55. Kf6 Kb3 56. c4 Rc2 57. c5 Kb4 58. Ke6 Kb5 59. Kd6
Bc6 60. Re7 Rxc5 61. Re2 Rd5+ 62. Ke6 Kc4 63. Rc2+ Kd4 64. Re2 Bd7+ 65. Kf6 b5
66. Be5+ Kc4 67. Rc2+ Kb3 68. Rb2+ Ka3 69. Rc2 b4 70. Rc7 b3 71. Rb7 Bb5 72.
Ke6 Rxe5+ 73. Kxe5 Kb4 0-1

[Event "12th Novi Sad it"]
[Site "Novi Sad"]
[Date "1984.10.24"]
[EventDate "1986.10.17"]
[Round "7.1"]
[White "Petrovic, Vojislav"]
[Black "Lazic, Miroljub"]
[Result "1-0"]
[WhiteElo "2330"]
[BlackElo "2360"]
[PlyCount "83"]
[Source "Perpetual Check"]

1. e4 e5 2. Nf3 Nc6 3. Bb5 g6 4. O-O Bg7 5. c3 d6 6. d4 Bd7 7. Re1 a6 8. Bc4
Nf6 9. h3 O-O 10. dxe5 dxe5 11. Qc2 Nh5 12. Bg5 Qe8 13. Qc1 Be6 14. Na3 Bxc4
15. Nxc4 Qe6 16. b3 b5 17. Ne3 f5 18. Qc2 h6 19. Nd5 hxg5 20. Nxc7 Qf6 21. Nxa8
Rxa8 22. a4 bxa4 23. Rxa4 g4 24. hxg4 fxg4 25. Nh2 g3 26. fxg3 a5 27. Nf3 Bf8
28. b4 Rc8 29. Qa2+ Kh8 30. b5 Bc5+ 31. Kh2 Nxg3 32. Qd2 Kg7 33. Kxg3 Ne7 34.
Rh1 Qf4+ 35. Qxf4 exf4+ 36. Kxf4 Bd6+ 37. Kg4 Ng8 38. e5 Be7 39. Rxa5 Rxc3 40.
Ra7 Rb3 41. Rb7 Rb4+ 42. Kg3 1-0

[Event "12th Novi Sad it"]
[Site "Novi Sad"]
[Date "1984.10.24"]
[EventDate "1986.10.17"]
[Round "7.2"]
[White "Tringov, Georgi"]
[Black "Bojkovic, Slobodan"]
[Result "1-0"]
[WhiteElo "2450"]
[BlackElo "2360"]
[PlyCount "83"]
[Source "Perpetual Check"]

1. e4 c5 2. Nf3 e6 3. d3 Nc6 4. g3 g6 5. Bg2 Bg7 6. O-O d6 7. c3 e5 8. a3 a5 9.
a4 Nge7 10. Na3 O-O 11. Re1 h6 12. Nd2 Be6 13. Ndc4 d5 14. exd5 Bxd5 15. Bxd5
Nxd5 16. Nb5 Re8 17. Qb3 Re6 18. Bd2 Qd7 19. Re2 Rae8 20. Rae1 g5 21. Bc1 Kh8
22. Nba3 b6 23. Qd1 Rg6 24. f3 Qh3 25. Rg2 Ree6 26. Ree2 Rgf6 27. Rgf2 h5 28.
Qf1 Qf5 29. Re1 Nce7 30. Nd2 Rh6 31. Ne4 f6 32. Nc4 Qh7 33. h4 gxh4 34. Bxh6
Bxh6 35. Qh3 Nf5 36. g4 hxg4 37. fxg4 Nf4 38. Rxf4 Bxf4 39. gxf5 Re7 40. Kh1
Qh5 41. Nxf6 Qg5 42. Ne4 1-0

[Event "12th Novi Sad it"]
[Site "Novi Sad"]
[Date "1984.10.24"]
[EventDate "1986.10.17"]
[Round "7.3"]
[White "Izeta Txabarri, Felix"]
[Black "Rakic, Tomislav"]
[Result "1-0"]
[WhiteElo "2395"]
[BlackElo "2385"]
[PlyCount "79"]
[Source "Perpetual Check"]

1. d4 g6 2. c4 Bg7 3. e4 d6 4. Nc3 Nd7 5. Nf3 e5 6. Be2 Ne7 7. dxe5 dxe5 8. O-O
O-O 9. Qc2 c6 10. Rd1 Qc7 11. Na4 h6 12. b4 a5 13. a3 axb4 14. axb4 c5 15. b5
Nb6 16. Bb2 Nxa4 17. Rxa4 Rxa4 18. Qxa4 b6 19. Qa1 f6 20. Ne1 Bb7 21. Qb1 h5
22. Qd3 Nc8 23. Nc2 Bh6 24. g3 Qh7 25. Bf3 Qf7 26. Bg2 Qe6 27. h4 Rf7 28. Kh2
Kh7 29. Bh3 Qe7 30. f3 Qc7 31. Ne3 Re7 32. Nd5 Bxd5 33. Qxd5 Na7 34. f4 exf4
35. Bxf6 fxg3+ 36. Kg2 Qf4 37. Rf1 Qxe4+ 38. Qxe4 Rxe4 39. Ra1 Re2+ 40. Kxg3
1-0

[Event "12th Novi Sad it"]
[Site "Novi Sad"]
[Date "1984.10.24"]
[EventDate "1986.10.17"]
[Round "7.4"]
[White "Rajkovic, Dusan"]
[Black "Popchev, Milko"]
[Result "1/2-1/2"]
[WhiteElo "2460"]
[BlackElo "2380"]
[PlyCount "24"]
[Source "Perpetual Check"]

1. d4 d6 2. c4 e5 3. Nf3 exd4 4. Nxd4 g6 5. g3 Bg7 6. Bg2 Ne7 7. O-O O-O 8. Nc3
Nbc6 9. Be3 Ne5 10. Nd5 c6 11. Nxe7+ Qxe7 12. Rc1 Re8 1/2-1/2

[Event "12th Novi Sad it"]
[Site "Novi Sad"]
[Date "1984.10.24"]
[EventDate "1986.10.17"]
[Round "7.5"]
[White "Djuric, Stefan"]
[Black "Jovic, Ljubomir"]
[Result "1-0"]
[WhiteElo "2450"]
[BlackElo "2325"]
[PlyCount "97"]
[Source "Perpetual Check"]

1. d4 Nf6 2. Nf3 e6 3. c4 b6 4. g3 Bb7 5. Bg2 a6 6. O-O b5 7. Qb3 Nc6 8. Bd2
Rb8 9. c5 d5 10. a4 b4 11. a5 Ne4 12. Qa4 Nxd2 13. Nbxd2 Qd7 14. Rfd1 Be7 15.
e4 O-O 16. Qc2 Bf6 17. e5 Be7 18. h4 Bc8 19. Bf1 f5 20. Nb3 h6 21. Nh2 g5 22.
hxg5 hxg5 23. f4 Rf7 24. fxg5 Bxg5 25. Kf2 Rg7 26. Nf3 Qe7 27. Bd3 Nd8 28. c6
Qe8 29. Nxg5 Qg6 30. Rh1 Nf7 31. Qe2 Qxg5 32. Rh3 Nh6 33. Rah1 Ng4+ 34. Ke1 Ne3
35. Qd2 Kf7 36. Be2 Ke7 37. Qc1 f4 38. Qc5+ Kf7 39. Bh5+ Kg8 40. Bf3 Kf7 41.
Rh8 Qxg3+ 42. Ke2 Bd7 43. Rxb8 Ng4 44. Rf8+ Kg6 45. Nd2 Be8 46. Rxe8 Qf2+ 47.
Kd1 Ne3+ 48. Kc1 Rh7 49. Rg8+ 1-0

[Event "12th Novi Sad it"]
[Site "Novi Sad"]
[Date "1984.10.25"]
[EventDate "1986.10.17"]
[Round "8.1"]
[White "Lazic, Miroljub"]
[Black "Sokolov, Ivan"]
[Result "0-1"]
[WhiteElo "2360"]
[BlackElo "2425"]
[PlyCount "78"]
[Source "Perpetual Check"]

1. e4 c5 2. c3 d5 3. exd5 Qxd5 4. d4 e6 5. Nf3 Nf6 6. Na3 Nc6 7. Nb5 Qd7 8.
dxc5 Bxc5 9. Qxd7+ Kxd7 10. Bf4 Nd5 11. O-O-O Ke7 12. Bg3 Bd7 13. a3 a5 14. Bc4
Nb6 15. Be2 a4 16. Ng5 Nd5 17. Ne4 Bb6 18. Bh4+ f6 19. Bg3 Na5 20. Rhe1 Bc6 21.
c4 Ne3 22. Bd6+ Kf7 23. Ng5+ fxg5 24. fxe3 Bxg2 25. Kb1 Nb3 26. Ka2 Rhd8 27.
Bg4 h6 28. Rg1 Bc6 29. Rgf1+ Kg8 30. Bxe6+ Kh8 31. e4 Bxb5 32. cxb5 Nd4 33.
Rxd4 Bxd4 34. Bc7 Re8 35. Bd5 Be5 36. Bb6 Rac8 37. Rf2 Rf8 38. Re2 Rc1 39. Be3
Rh1 0-1

[Event "12th Novi Sad it"]
[Site "Novi Sad"]
[Date "1984.10.25"]
[EventDate "1986.10.17"]
[Round "8.2"]
[White "Jovic, Ljubomir"]
[Black "Smagin, Sergei"]
[Result "1/2-1/2"]
[WhiteElo "2325"]
[BlackElo "2495"]
[PlyCount "173"]
[Source "Perpetual Check"]

1. e4 e5 2. Nf3 Nc6 3. Bb5 a6 4. Ba4 Nf6 5. d3 d6 6. Nc3 Be7 7. h3 O-O 8. O-O
b5 9. Bb3 Na5 10. Nd5 Nxd5 11. Bxd5 c6 12. Bb3 Nxb3 13. axb3 f5 14. b4 Qe8 15.
Qe2 Be6 16. exf5 Bxf5 17. Bg5 Bxg5 18. Nxg5 Qg6 19. Qe3 h6 20. Ne4 Qe6 21. Ra3
Bxe4 22. dxe4 d5 23. Rfa1 Rf4 24. Rxa6 Rxa6 25. Rxa6 Rxe4 26. Ra8+ Kh7 27. Qd3
Qf5 28. Kf1 Rf4 29. Qxf5+ Rxf5 30. Rc8 Rf6 31. Re8 e4 32. Ke2 Rg6 33. g3 Rf6
34. Re7 Kg6 35. c3 Rd6 36. f3 Kf6 37. Rc7 exf3+ 38. Kxf3 Re6 39. h4 h5 40. Kf4
g6 41. Rc8 Re4+ 42. Kf3 Rc4 43. Rf8+ Ke5 44. Re8+ Kf6 45. Rf8+ Ke6 46. Re8+ Kf7
47. Rc8 Ke7 48. Rg8 Rg4 49. Rc8 Rc4 50. Rg8 Kf7 51. Rd8 Ke7 52. Rg8 d4 53. cxd4
Kf7 54. Rc8 Rxd4 55. Rc7+ Kf6 56. Rxc6+ Kg7 57. Rc7+ Kh6 58. Rc3 Rxb4 59. b3
Kg7 60. Rc7+ Kf6 61. Rc6+ Kf7 62. Rc7+ Kf8 63. Rc3 Ke7 64. Rd3 Ke6 65. Ke3 Ke5
66. Kf3 Rg4 67. Kf2 Ke4 68. Ke2 g5 69. hxg5 Rxg5 70. Kd2 Rc5 71. Re3+ Kf5 72.
Kd3 Kg4 73. Kd4 Rf5 74. b4 Rg5 75. Rc3 Rg8 76. Rc5 Rd8+ 77. Ke3 Re8+ 78. Kd4
Rh8 79. Rxb5 Kxg3 80. Ra5 h4 81. Ra3+ Kf4 82. Rh3 Kg4 83. Rh1 Kg3 84. Kc5 Kg2
85. Rb1 h3 86. b5 h2 87. b6 1/2-1/2

[Event "12th Novi Sad it"]
[Site "Novi Sad"]
[Date "1984.10.25"]
[EventDate "1986.10.17"]
[Round "8.3"]
[White "Popchev, Milko"]
[Black "Djuric, Stefan"]
[Result "1-0"]
[WhiteElo "2380"]
[BlackElo "2450"]
[PlyCount "81"]
[Source "Perpetual Check"]

1. d4 Nf6 2. Nf3 e6 3. e3 b6 4. Bd3 Bb7 5. O-O c5 6. b3 cxd4 7. exd4 g6 8. c4
Bg7 9. Nc3 O-O 10. Ba3 d6 11. Rc1 a6 12. Re1 Ra7 13. Bf1 Ba8 14. g3 Rc7 15. Bg2
Bh6 16. Rc2 b5 17. d5 exd5 18. cxb5 Ne4 19. Bb4 Rc8 20. Nd4 a5 21. Nxe4 Rxc2
22. Qxc2 axb4 23. Nd2 Qb6 24. N2f3 Nd7 25. Re7 Ne5 26. Bf1 Nxf3+ 27. Nxf3 d4
28. Qd3 Bg7 29. Nd2 Bf6 30. Rd7 Re8 31. Qc4 d5 32. Qxb4 Qe6 33. Qd6 Qf5 34. Bd3
Re1+ 35. Kg2 Qg4 36. Ra7 Re7 37. Rxe7 Bxe7 38. Qxe7 Kg7 39. Qa7 h5 40. h3 Qd1
41. Qxd4+ 1-0

[Event "12th Novi Sad it"]
[Site "Novi Sad"]
[Date "1984.10.25"]
[EventDate "1986.10.17"]
[Round "8.4"]
[White "Rakic, Tomislav"]
[Black "Rajkovic, Dusan"]
[Result "1/2-1/2"]
[WhiteElo "2385"]
[BlackElo "2460"]
[PlyCount "21"]
[Source "Perpetual Check"]

1. d4 d5 2. c4 e6 3. Nc3 Nf6 4. Bg5 Be7 5. Nf3 O-O 6. e3 Nbd7 7. Bd3 dxc4 8.
Bxc4 c5 9. O-O cxd4 10. exd4 Nb6 11. Bb3 1/2-1/2

[Event "12th Novi Sad it"]
[Site "Novi Sad"]
[Date "1984.10.25"]
[EventDate "1986.10.17"]
[Round "8.5"]
[White "Bojkovic, Slobodan"]
[Black "Izeta Txabarri, Felix"]
[Result "1-0"]
[WhiteElo "2360"]
[BlackElo "2395"]
[PlyCount "101"]
[Source "Perpetual Check"]

1. e4 e5 2. Bc4 Nc6 3. Nf3 Bc5 4. O-O Nf6 5. d3 d6 6. c3 O-O 7. Re1 a6 8. Bb3
Ba7 9. h3 h6 10. Nbd2 Nh5 11. Nf1 Qf6 12. Be3 Nf4 13. Bxa7 Rxa7 14. Ne3 Ne7 15.
Kh2 g5 16. Ng1 c6 17. g3 Nfg6 18. Kg2 Kh7 19. Qh5 Qg7 20. Nf3 Nh8 21. d4 f5 22.
Nxf5 Nxf5 23. exf5 Bxf5 24. dxe5 g4 25. Ng1 gxh3+ 26. Nxh3 dxe5 27. Re3 Bxh3+
28. Qxh3 Ng6 29. Bc2 b6 30. Qe6 Raf7 31. Rf1 Rf6 32. Qxe5 Kh8 33. Bxg6 Qxg6 34.
Rf3 Kh7 35. Rxf6 Rxf6 36. Qc7+ Rf7 37. Qxb6 Qe4+ 38. f3 Qd5 39. Qxa6 Rg7 40.
Qa4 Qg5 41. Qe4+ Kh8 42. Qg4 Qb5 43. Qf4 Qxb2+ 44. Rf2 Qxc3 45. Qxh6+ Kg8 46.
Qe6+ Rf7 47. Qg4+ Rg7 48. Qc8+ Kh7 49. Qf5+ Rg6 50. Re2 Qf6 51. Qxf6 1-0

[Event "12th Novi Sad it"]
[Site "Novi Sad"]
[Date "1984.10.25"]
[EventDate "1986.10.17"]
[Round "8.6"]
[White "Petrovic, Vojislav"]
[Black "Tringov, Georgi"]
[Result "0-1"]
[WhiteElo "2330"]
[BlackElo "2450"]
[PlyCount "69"]
[Source "Perpetual Check"]

1. e4 c5 2. Nf3 d6 3. d4 cxd4 4. Nxd4 Nf6 5. Nc3 a6 6. f4 Nbd7 7. Bd3 e5 8. Nf3
Be7 9. a4 O-O 10. O-O exf4 11. Kh1 Nh5 12. Nd5 Nc5 13. Nxf4 Nxf4 14. Bxf4 Bf6
15. c3 Re8 16. Bc2 Bd7 17. Bxd6 Nxe4 18. Bf4 Bc6 19. Nd4 Bxd4 20. cxd4 Qd5 21.
Ra3 Nc3 22. Qf3 Qxf3 23. gxf3 Nd5 24. Bg3 Ne3 25. Rc1 Bxf3+ 26. Kg1 Nxc2 27.
Rxc2 Bc6 28. a5 Rad8 29. Rd2 Rd5 30. Bc7 f6 31. Rc3 h5 32. b4 Re4 33. Bb6 Rf5
34. h3 Re1+ 35. Kh2 0-1

[Event "12th Novi Sad it"]
[Site "Novi Sad"]
[Date "1984.10.26"]
[EventDate "1986.10.17"]
[Round "9.1"]
[White "Tringov, Georgi"]
[Black "Lazic, Miroljub"]
[Result "1/2-1/2"]
[WhiteElo "2450"]
[BlackElo "2360"]
[PlyCount "49"]
[Source "Perpetual Check"]

1. e4 e5 2. Nf3 Nc6 3. Bb5 g6 4. c3 a6 5. Ba4 d6 6. d4 Bd7 7. O-O Bg7 8. d5
Nce7 9. c4 Nf6 10. Bc2 O-O 11. Nc3 Nh5 12. Re1 h6 13. h3 Qe8 14. b4 f5 15. c5
f4 16. Nd2 g5 17. Ba4 Nf6 18. Bxd7 Qxd7 19. Bb2 Qe8 20. Nf3 Qg6 21. Nh2 h5 22.
f3 Bh6 23. Qe2 Kh8 24. Nd1 g4 25. fxg4 1/2-1/2

[Event "12th Novi Sad it"]
[Site "Novi Sad"]
[Date "1984.10.26"]
[EventDate "1986.10.17"]
[Round "9.2"]
[White "Izeta Txabarri, Felix"]
[Black "Petrovic, Vojislav"]
[Result "0-1"]
[WhiteElo "2395"]
[BlackElo "2330"]
[PlyCount "52"]
[Source "Perpetual Check"]

1. d4 Nf6 2. c4 g6 3. f3 Bg7 4. e4 d6 5. Nc3 O-O 6. Be3 Nc6 7. Nge2 a6 8. Qd2
Rb8 9. O-O-O b5 10. g4 bxc4 11. Bh6 Nb4 12. Ng3 Bxh6 13. Qxh6 c5 14. Bxc4 cxd4
15. Rxd4 Qb6 16. Rd2 Be6 17. Nf5 Bxf5 18. gxf5 Rfc8 19. Bb3 Kh8 20. Kb1 Rxc3
21. bxc3 Nxa2 22. Rb2 Nxc3+ 23. Kc1 Na4 24. Rb1 Rc8+ 25. Bc2 Qc5 26. Qd2 Qa3+
0-1

[Event "12th Novi Sad it"]
[Site "Novi Sad"]
[Date "1984.10.26"]
[EventDate "1986.10.17"]
[Round "9.3"]
[White "Rajkovic, Dusan"]
[Black "Bojkovic, Slobodan"]
[Result "1/2-1/2"]
[WhiteElo "2460"]
[BlackElo "2360"]
[PlyCount "124"]
[Source "Perpetual Check"]

1. d4 d5 2. Nf3 Nf6 3. c4 c6 4. Nc3 g6 5. Bf4 Bg7 6. e3 O-O 7. Rc1 Qa5 8. Qd2
Be6 9. cxd5 Nxd5 10. Be5 f6 11. Bg3 Nd7 12. Bc4 N7b6 13. Bb3 Bf7 14. O-O Nxc3
15. bxc3 Nc4 16. Qe2 b5 17. Ne1 c5 18. dxc5 Qa3 19. Nd3 a5 20. f3 Rfd8 21. Rfd1
e5 22. Bf2 Bf8 23. e4 Bh6 24. f4 a4 25. Bc2 exf4 26. Bd4 Ne5 27. Nxe5 fxe5 28.
Bxe5 f3 29. Qxf3 Qxc5+ 30. Bd4 Rxd4 31. cxd4 Qc7 32. Bb3 Bxc1 33. Bxf7+ Qxf7
34. Qxf7+ Kxf7 35. Rxc1 Re8 36. Rf1+ Ke6 37. Rb1 Rd8 38. Rb4 Rc8 39. Rxb5 Rc4
40. Re5+ Kf6 41. Rd5 Rc2 42. a3 Ra2 43. Ra5 Rxa3 44. Kf2 g5 45. Ra6+ Kf7 46.
Ra7+ Kg6 47. g4 Ra1 48. e5 a3 49. d5 a2 50. d6 Rh1 51. d7 Rd1 52. Ra6+ Kg7 53.
e6 Kf6 54. Ke2 Rd5 55. Kf3 a1=Q 56. Rxa1 Kxe6 57. Ra6+ Kxd7 58. Rh6 Re5 59.
Rxh7+ Ke6 60. Rh6+ Kf7 61. Rd6 Kg7 62. Rd3 Kf6 1/2-1/2

[Event "12th Novi Sad it"]
[Site "Novi Sad"]
[Date "1984.10.26"]
[EventDate "1986.10.17"]
[Round "9.4"]
[White "Djuric, Stefan"]
[Black "Rakic, Tomislav"]
[Result "0-1"]
[WhiteElo "2450"]
[BlackElo "2385"]
[PlyCount "72"]
[Source "Perpetual Check"]

1. e4 c5 2. Nf3 Nc6 3. c3 e6 4. d4 d5 5. Nbd2 cxd4 6. cxd4 Qb6 7. Bd3 Nf6 8. e5
Nd7 9. O-O Nxd4 10. Nxd4 Qxd4 11. Nf3 Qb6 12. Rb1 a5 13. Qe2 Be7 14. Be3 Bc5
15. Bf4 h6 16. Rbc1 Qa7 17. a3 a4 18. h4 b6 19. h5 Ba6 20. Rfd1 Bxd3 21. Rxd3
Qa6 22. Qd1 Rc8 23. Nd4 Ke7 24. Ne2 b5 25. Nc3 Ba7 26. Rg3 Rc4 27. Qf3 Rg8 28.
Re1 Kf8 29. Nxd5 exd5 30. e6 Nf6 31. Bxh6 Bd4 32. Bg5 fxe6 33. h6 Qa7 34. Bf4
Bxf2+ 35. Qxf2 Qxf2+ 36. Kxf2 Rxf4+ 0-1

[Event "12th Novi Sad it"]
[Site "Novi Sad"]
[Date "1984.10.26"]
[EventDate "1986.10.17"]
[Round "9.5"]
[White "Smagin, Sergei"]
[Black "Popchev, Milko"]
[Result "1/2-1/2"]
[WhiteElo "2495"]
[BlackElo "2380"]
[PlyCount "69"]
[Source "Perpetual Check"]

1. e4 d6 2. d4 Nf6 3. Nc3 g6 4. Nf3 Bg7 5. h3 O-O 6. Be3 c6 7. a4 a5 8. Bc4
Nxe4 9. Nxe4 d5 10. Bb3 dxe4 11. Ng5 Nd7 12. Nxe4 Nf6 13. Nxf6+ Bxf6 14. O-O
Qd6 15. Re1 Rd8 16. c3 Be6 17. Bxe6 Qxe6 18. Bg5 Qd6 19. Bxf6 exf6 20. Qb3 Qc7
21. Rad1 Re8 22. c4 Rxe1+ 23. Rxe1 Rd8 24. d5 Kg7 25. Rd1 cxd5 26. cxd5 Rd6 27.
Qc3 Qd8 28. Qd4 h6 29. Qc5 b6 30. Qc4 Qd7 31. Qe4 Qd8 32. Rd4 Qd7 33. Rd3 Qd8
34. f4 Qd7 35. Kh2 1/2-1/2

[Event "12th Novi Sad it"]
[Site "Novi Sad"]
[Date "1984.10.26"]
[EventDate "1986.10.17"]
[Round "9.6"]
[White "Sokolov, Ivan"]
[Black "Jovic, Ljubomir"]
[Result "1/2-1/2"]
[WhiteElo "2425"]
[BlackElo "2325"]
[PlyCount "68"]
[Source "Perpetual Check"]

1. d4 Nf6 2. Nf3 e6 3. c4 b6 4. g3 Bb7 5. Bg2 Bb4+ 6. Nbd2 Ne4 7. O-O Nxd2 8.
Bxd2 a5 9. d5 O-O 10. Bxb4 axb4 11. Ne5 exd5 12. cxd5 Ra5 13. Qd2 Re8 14. Nc4
Rc5 15. b3 d6 16. Rfe1 Nd7 17. e4 Ba6 18. Nb2 Qf6 19. Na4 Rb5 20. f4 Nc5 21. e5
Qd8 22. Nb2 dxe5 23. fxe5 Nd7 24. e6 Nf6 25. exf7+ Kxf7 26. Rxe8 Qxe8 27. Nc4
Rc5 28. Re1 Qd8 29. Qxb4 Bxc4 30. bxc4 Qc8 31. d6 cxd6 32. Qxb6 Qc7 33. Qb3 h5
34. Qe3 Re5 1/2-1/2

[Event "12th Novi Sad it"]
[Site "Novi Sad"]
[Date "1984.10.27"]
[EventDate "1986.10.17"]
[Round "10.1"]
[White "Lazic, Miroljub"]
[Black "Jovic, Ljubomir"]
[Result "1/2-1/2"]
[WhiteElo "2360"]
[BlackElo "2325"]
[PlyCount "101"]
[Source "Perpetual Check"]

1. e4 c5 2. c3 e6 3. d4 d5 4. exd5 Qxd5 5. Nf3 Nc6 6. Na3 Bd7 7. Be2 Rc8 8. c4
Qe4 9. d5 Nd4 10. Nxd4 Qxd4 11. Qb3 Qe5 12. Qxb7 Nf6 13. dxe6 fxe6 14. f4 Qb8
15. Qxb8 Rxb8 16. Bf3 a6 17. b3 Bd6 18. Be3 Ke7 19. O-O-O Rhc8 20. Rd3 Bc6 21.
Bxc6 Rxc6 22. Rhd1 Bc7 23. g3 h5 24. Nb1 h4 25. Nc3 hxg3 26. hxg3 Rh8 27. Re1
Kf7 28. Na4 Rh3 29. Bxc5 Bxf4+ 30. Kc2 Rxg3 31. Rxg3 Bxg3 32. Rg1 Bf4 33. Bf2
Ne4 34. Bd4 g5 35. Nc3 Nd2 36. Bf2 Nf3 37. Rf1 g4 38. Ne2 e5 39. Bg3 Bxg3 40.
Nxg3 Kg6 41. Kd3 a5 42. Ne4 Kf5 43. Ke3 Rh6 44. Nf2 Nh2 45. Rg1 Rh4 46. a3 g3
47. Nh1 Ng4+ 48. Kf3 g2 49. Ng3+ Ke6 50. Rxg2 Nf6 51. Re2 1/2-1/2

[Event "12th Novi Sad it"]
[Site "Novi Sad"]
[Date "1984.10.27"]
[EventDate "1986.10.17"]
[Round "10.2"]
[White "Popchev, Milko"]
[Black "Sokolov, Ivan"]
[Result "1/2-1/2"]
[WhiteElo "2380"]
[BlackElo "2425"]
[PlyCount "20"]
[Source "Perpetual Check"]

1. Nf3 Nf6 2. d4 b6 3. g3 Bb7 4. Bg2 c5 5. dxc5 bxc5 6. O-O g6 7. c4 Bg7 8. Nc3
O-O 9. Qc2 d6 10. Bg5 Nbd7 1/2-1/2

[Event "12th Novi Sad it"]
[Site "Novi Sad"]
[Date "1984.10.27"]
[EventDate "1986.10.17"]
[Round "10.3"]
[White "Rakic, Tomislav"]
[Black "Smagin, Sergei"]
[Result "1-0"]
[WhiteElo "2385"]
[BlackElo "2495"]
[PlyCount "75"]
[Source "Perpetual Check"]

1. d4 Nf6 2. Nf3 d5 3. Bf4 c6 4. Nbd2 Nh5 5. Bxb8 Rxb8 6. e3 g6 7. c4 Bg7 8.
cxd5 Qxd5 9. Bc4 Qa5 10. O-O O-O 11. a3 Nf6 12. b4 Qh5 13. Rc1 a5 14. Be2 axb4
15. Ne5 Qh6 16. axb4 Nd7 17. Ng4 Qh4 18. f4 e6 19. Ne4 Qe7 20. Ne5 Qxb4 21. Rb1
Qe7 22. Qa4 f6 23. Nxd7 Bxd7 24. Qa7 e5 25. fxe5 fxe5 26. Rxf8+ Rxf8 27. Rxb7
Qh4 28. Ng3 Qh6 29. d5 c5 30. Qa3 Bf5 31. d6 Qg5 32. Qxc5 Qf6 33. Re7 Rd8 34.
e4 Bc8 35. d7 Bb7 36. Bc4+ Kh8 37. Re6 Qg5 38. Re8+ 1-0

[Event "12th Novi Sad it"]
[Site "Novi Sad"]
[Date "1984.10.27"]
[EventDate "1986.10.17"]
[Round "10.4"]
[White "Bojkovic, Slobodan"]
[Black "Djuric, Stefan"]
[Result "0-1"]
[WhiteElo "2360"]
[BlackElo "2450"]
[PlyCount "130"]
[Source "Perpetual Check"]

1. e4 c6 2. d4 d5 3. Nc3 g6 4. Nf3 Bg7 5. h3 dxe4 6. Nxe4 Nd7 7. Bc4 Ngf6 8.
Ng3 O-O 9. O-O c5 10. a4 Qc7 11. Qe2 e6 12. a5 cxd4 13. Nxd4 a6 14. Nf3 Nd5 15.
c3 Nf4 16. Qe4 e5 17. Bxf4 exf4 18. Ne2 Ne5 19. Bd5 Bf5 20. Qxf4 Rad8 21. Nxe5
Bxe5 22. Qf3 Rfe8 23. Kh1 Re7 24. Ng3 Bc8 25. Rfd1 Kg7 26. Rd3 h5 27. Nf1 Rd6
28. Ne3 Rf6 29. Qe2 Bf4 30. Bf3 Rfe6 31. Bd5 Re5 32. Ra4 Bxe3 33. Rxe3 Rxe3 34.
fxe3 Bxh3 35. gxh3 Qd7 36. Rd4 Qxh3+ 37. Kg1 Rxe3 38. Qf2 Rg3+ 39. Bg2 Rg5 40.
Rd5 Rg4 41. Kf1 Qh2 42. Rd4 Rg5 43. Rf4 f5 44. Bxb7 Qh3+ 45. Ke2 Rg3 46. Bf3
Kg8 47. Rc4 Kh7 48. Qe3 Qh2+ 49. Kd3 Rh3 50. Qe7+ Kh6 51. Rc8 Rxf3+ 52. Kc4
Qf4+ 53. Kc5 Qe3+ 54. Qxe3+ Rxe3 55. Kd6 f4 56. b4 f3 57. c4 Kg7 58. Rc7+ Kf8
59. Rc8+ Re8 60. Rxe8+ Kxe8 61. b5 f2 62. b6 f1=Q 63. c5 Qf4+ 64. Kc6 Qb8 65.
b7 Qd8 0-1

[Event "12th Novi Sad it"]
[Site "Novi Sad"]
[Date "1984.10.27"]
[EventDate "1986.10.17"]
[Round "10.6"]
[White "Tringov, Georgi"]
[Black "Izeta Txabarri, Felix"]
[Result "1/2-1/2"]
[WhiteElo "2450"]
[BlackElo "2395"]
[PlyCount "68"]
[Source "Perpetual Check"]

1. e4 e5 2. Nf3 Nc6 3. Bb5 a6 4. Ba4 Nf6 5. O-O Be7 6. Re1 b5 7. Bb3 d6 8. a4
Bg4 9. c3 O-O 10. d3 Na5 11. Bc2 b4 12. Nbd2 Rb8 13. h3 Bxf3 14. Qxf3 Nd7 15.
Qd1 Bg5 16. Nb3 Nxb3 17. Bxb3 Bxc1 18. Rxc1 bxc3 19. bxc3 c6 20. d4 Qc7 21. Qc2
g6 22. Red1 a5 23. Ba2 Kg7 24. Qd2 Nf6 25. dxe5 dxe5 26. Qe2 Qa7 27. g4 h6 28.
h4 Nxg4 29. Qxg4 Rb2 30. Qg3 Rxa2 31. Qxe5+ Kg8 32. Rd4 Qb8 33. Qf6 Qc8 34.
Rcd1 Qg4+ 1/2-1/2

[Event "12th Novi Sad it"]
[Site "Novi Sad"]
[Date "1984.10.29"]
[EventDate "1986.10.17"]
[Round "11.1"]
[White "Izeta Txabarri, Felix"]
[Black "Lazic, Miroljub"]
[Result "1-0"]
[WhiteElo "2395"]
[BlackElo "2360"]
[PlyCount "57"]
[Source "Perpetual Check"]

1. d4 Nf6 2. c4 g6 3. Nc3 Bg7 4. e4 O-O 5. Nf3 d6 6. Be2 e5 7. O-O Nc6 8. d5
Ne7 9. Ne1 Nd7 10. f3 f5 11. g4 Nf6 12. Nd3 c5 13. Rb1 Bd7 14. b4 cxb4 15. Rxb4
b5 16. g5 Nh5 17. Nxb5 Qb6+ 18. c5 dxc5 19. Be3 Bxb5 20. Bxc5 Qa5 21. Bxe7 Rf7
22. Qb3 Bxd3 23. Bxd3 Rxe7 24. d6+ Rf7 25. Bc4 Qc5+ 26. Kh1 Qxd6 27. Bxf7+ Kh8
28. Rd1 Qf8 29. exf5 1-0